30 British Sitcoms Quiz Stats

 Plays Quiz Updated Dec 3, 2014

Score 0/30 Timer 08:00
4 Plays Today
% Correct
The Office
98%
Fawlty Towers
86.4%
Blackadder
79%
Absolutely Fabulous
74.6%
The IT Crowd
71.1%
The Inbetweeners
69.5%
Dad's Army
67.9%
Father Ted
67.7%
The Vicar of Dibley
66.4%
Red Dwarf
66.3%
Only Fools and Horses
65.3%
I'm Alan Partridge
58.3%
Porridge
55%
Yes Minister
54.9%
Peep Show
54%
% Correct
Extras
50.4%
Men Behaving Badly
50.2%
'Allo 'Allo!
50.1%
The Royle Family
49.8%
Last of the Summer Wine
49.1%
One Foot in the Grave
48.2%
Open All Hours
48%
Outnumbered
47.9%
The Good Life
44.1%
Steptoe and Son
43.9%
Spaced
42.6%
Bottom
42.2%
Phoenix Nights
40.8%
Some Mothers Do 'Ave 'Em
35.2%
The League of Gentlemen
32.4%

You're not logged in!

Compare scores with friends on all Sporcle quizzes.
OR
Log In

You Might Also Like...

Show Comments

Extras

Top Quizzes Today


Score Distribution

Your Account Isn't Verified!

In order to create a playlist on Sporcle, you need to verify the email address you used during registration. Go to your Sporcle Settings to finish the process.

Report this User

Report this user for behavior that violates our Community Guidelines.

Details: